Meilleurs buteurs en Serie A (2010-2020) - Statistiques

Statistiques générales
  • Ce quiz a été pris 94 fois
  • Le résultat moyen est 5 sur 10
Statistiques - réponses
Nationalité Joueur % Correct
Italie Ciro Immobile
76%
Argentine Gonzalo Higuain
74%
Belgique Dries Mertens
60%
Argentine Paulo Dybala
58%
Argentine Mauro Icardi
46%
Colombie Duvan Zapata
37%
Italie Antonio Di Natale
35%
Italie Fabio Quagliarella
27%
Italie Andrea Belotti
26%
Slovénie Josip Ilicic
26%
Aucun quiz correspondant
Distribution des résultats
% des personnes avec chaque résultat
Percentile par nombre de réponses
Votre historique - résultats
Vous n’avez pas pris ce quiz